000 00440nmm a2200157Ia 4500
008 251105s9999||||xx |||||||||||||||||und||
020 _a9788468788685
041 _aspa
100 _aBlake, Maya
245 0 _aSuave melodía
264 _a[Madrid, España] :
_bHarlequin,
_c[Fecha de publicación no identificada]
300 _a0 páginas
650 _aRomance
856 _uhttps://public.digitaliapublishing.com/a/94828
942 _cCF
999 _c84565
_d84565